书目信息 |
| 书名: | Social statistics | |
| 作者: | William Fox. | |
| 分册号: | ||
| 分册名: | 出版地: | Belmont, CA : |
|
| 出版社: | Wadsworth/Thomson Learning | |
| 出版时间: | 1998. | |
| 页数: | xix, 333 p. : | |
| 开本: | 25 cm. | |
| 丛书名: | ||
| 中图分类号: | ||
| 科图分类号: | ||
| 其他分类号: | C812 | |
| 主题词: | ||
| 电子资源: | ||
| 000 | 01348cam a2200325 a 450 | |
| 001 | E0731275848 | |
| 005 | 20070514085501.68 | |
| 008 | 020913s1998 a b 001 0 eng | |
| 010 | @a2002511853 | |
| 040 | @aDLC@cDLC | |
| 050 | 00 | @aHA32@b.F68 2003 |
| 082 | 04 | @a300/.2854@2 20 |
| 090 | @aC812 | |
| 099 | @dC812@ex95=3 | |
| 100 | 1 | @aFox, William,@d1942- |
| 245 | 10 | @aSocial statistics / @cWilliam Fox. |
| 246 | 0 | @iSubtitle on cover:@aText using MicroCase |
| 250 | @a3rd ed., Wadsworth MicroCase student version. | |
| 260 | @aBelmont, CA :@bWadsworth/Thomson Learning,@c1998. | |
| 300 | @axix, 333 p. :@bill. ;@c25 cm. | |
| 500 | @aLC copy lacks the accompanying CD-ROM and floppy disk mentioned on cover.@5 DLC | |
| 500 | @aRev. ed. of: Social statistics using MicroCase. c1992. | |
| 504 | @aIncludes bibliographical references (p. 325-328) and index. | |
| 630 | 00 | @aMicroCase. |
| 650 | 0 | @aSocial sciences@xStatistical methods@xComputer programs. |
| 700 | 1 | @aFox, William,@c1942-@tSocial statistics using MicroCase. |
| 906 | @a7@bcbc@corigcop@d3@encip@f20@gy-gencatlg | |
| 925 | 0 | @aacquire@b1 shelf copy@xpolicy default |
| 952 | @aCf. OCLC 32986239 (2nd ed., 1995) and OCLC 39928385 (3rd ed., 1998): sf02 09-24-02 | |
| 955 | @apv03 2002-09-13 to SSCD@csf02 2002-09-24@dsf11 2002-09-24@esf15 2002-09-24 to Dewey | |
| Social statistics / / William Fox.-3rd ed., Wadsworth MicroCase student version.-Belmont, CA : : Wadsworth/Thomson Learning, , 1998. |
| xix, 333 p. : : ill. ; ; 25 cm. |
| LC copy lacks the accompanying CD-ROM and floppy disk mentioned on cover.-Rev. ed. of: Social statistics using MicroCase. c1992.-Includes bibliographical references (p. 325-328) and index. |
| ISBN |
| ● |
| 相关链接 |
|
|
|
|
正题名:Social statistics
索取号:C812/x95=3
 
预约/预借
| 序号 | 登录号 | 条形码 | 馆藏地/架位号 | 状态 | 备注 |
| 1 | 8590 | 300085903 | 第二样本阅览室/ [索取号:C812/x95=3] | 在馆 |